[Event "Malakhatko Memorial op"]
[Site "Chess.com INT"]
[Date "2023.06.14"]
[Round "4"]
[White "Kyrliand, Viktor"]
[Black "Stepaniuk, Karina"]
[Result "0-1"]
[WhiteElo "1638"]
[BlackElo "1552"]
[PlyCount "62"]
[EventDate "2023.06.14"]
[EventType "swiss (blitz)"]
[EventRounds "11"]
[EventCountry "USA"]
[SourceTitle "CBM 214 Extra"]
[Source "ChessBase"]
[SourceDate "2023.07.31"]
[SourceVersion "1"]
[SourceVersionDate "2023.07.31"]
[SourceQuality "1"]

1. e4 c5 2. Nf3 d6 3. d4 cxd4 4. Nxd4 Nf6 5. Nc3 a6 6. h3 e5 7. Nf5 Bxf5 8. exf5 h5 9. Bg5 Be7 10. Qd2 Nc6 11. a3 Rc8 12. Rd1 Nd4 13. Be3 Nxf5 14. Bd3 Nxe3 15. Qxe3 Qc7 16. Bf5 Rd8 17. 0-0 d5 18. Ne2 g6 19. Bxg6 fxg6 20. c3 Ne4 21. Rfe1 Qc5 22. Qxc5 Bxc5 23. Rf1 Rf8 24. Rd3 Nxf2 25. Rxf2 Rxf2 26. Kh2 Rxe2 27. Rf3 Rxb2 28. Rf6 Rd6 29. Rf3 e4 30. Rf4 e3 31. Kg3 e2 0-1